Avengers: Endgame All Deaths - Statistics

General Stats
  • This quiz has been taken 312 times
  • The average score is 6 of 11
Answer Stats
Hint Answer % Correct
"I am inevitable" Thanos
95%
Was with Hawkeye in Budapest Black Widow
90%
He Started it All Iron Man
89%
Alias=Squidward/Voldemort Ebony Maw
57%
Hawkeye's Wife Laura Barton
49%
Last Member of The Black Order Cull Obsidian
47%
Proxima Midnight
47%
Husband and Wife Black Order Duo Corvus Glaive
42%
Hawkeye's Kids Lila Barton
34%
Nathaniel Barton
33%
Cooper Barton
28%
No matching quizzes found
Score Distribution
Percent of People with Each Score
Percentile by Number Answered
Your Score History
You have not taken this quiz